000 01808cam a22004814i 4500
003 PE-LiUPU
005 20250731172903.0
008 170116s2016 xxua rb 001 0 eng d
020 _a0310491290
020 _a9780310491293
035 _a(Sirsi) a166092
040 _aPE-LiUPU
_bspa
_cPE-LiUPU
_erda
049 _aPRUA
082 0 4 _a224.5077
_bW55
_223
100 1 _aWidder, Wendy.,
_eautor.
245 1 0 _aDaniel /
_cWendy L. Widder.
264 1 _aGrand Rapids :
_bZondervan,
_c2016.
300 _a264 páginas :
_bilustraciones ;
_c24 centimetros
336 _atext
_2rdacontent
337 _aunmediated
_2rdamedia
338 _avolume
_2rdacarrier
504 _aBibliografía: final de cada capítulo.
504 _aÍndices: páginas 245-264.
505 0 _aThe story of God bible comentary series -- Abbreviations -- Introduction -- Resources for Those Teaching or Preaching -- the book of Daniel -- Comementary -- Conclusion.
526 _aSEG42
526 _aSEG41
526 _aSEG40
526 _aSEG39
526 _aP94
526 _aP87
526 _aP86
526 _aP85
526 _aP77
526 _aP76
526 _aP35
650 0 7 _aRELIGION/Comentario Bíblico/Antiguo Testamento.
_2bisacsh
910 _ajck
_bjvq
_cjck
_d20170116.
942 _2ddc
_cBOOK
949 _a224.5077 W55
_wDEWEY
_c1
_i75534
_lCATALOGING
_mBUL
_p15.00
_r0
_sY
_tBOOK
_u2017-01-16
_xTEOLOGIA
_zPOSGRADO TEOLOGÍA
_0COMPRA
_o.CIRCNOTE. El documento es de alto precio.
_o.STAFF. Colección Teología
596 _a1
999 _a224.5077 W55
_wLC
_c14831
_i75534
_d14831
_e2018-11-6
_f2021-11-9
_g6
_lCCODEBUL1
_mBUL
_n9
_p15.00
_q7
_r0
_sY
_tBOOK
_u2017-1-16
_xTEOLOGIA
_PP85
_0COMPRA
_o.STAFF. Colección Teología
980 _81
_gALBERTO SANCHEZ Responsable de Automatización